Carreteras y autopistas visin̤ jurisprudencial /

Bibliographic Details
Main Author: Abad Liceras, Jos ̌Mara̕
Other Authors: Burzaco Samper, Mara̕
Format: Unknown
Language:Spanish
Published: Madrid : Dykinson, 2007
Subjects:
Online Access:Acceso restringido

MARC

LEADER 00000ny a22000003n 4500
005 2011062300370.0
006 m u
007 cr cn|||||||||
008 200807r2007 sp |||||s|||||||||||spa d
020 |a 9788498490671 
035 |a 2300 
040 |a FlNmELB  |c FlNmELB  |d vlex 
050 1 4 |a HE363.S6  |b B975 2007eb 
080 |a 625 
090 |c 1211  |d 1211 
100 1 |a Abad Liceras, Jos ̌Mara̕ 
245 1 0 |a Carreteras y autopistas  |h [Recurso electrn̤ico]  |b visin̤ jurisprudencial /  |c Jos ̌Mara̕ Abad Liceras, Mara̕ Burzaco Samper 
256 |a Servicio en ln̕ea 
260 |a Madrid :  |b Dykinson,  |c 2007 
300 |a 8-804 p 
506 1 |a Contenido solo disponible en los productos indicados  |d vLex Global  |d vLex Global (Academic Edition, excluding Law Schools)  |d vLex Global (U.S. Academic Edition, Law Schools)  |d vLex Global (U.S. Academic Edition, excluding Law Schools)  |d vLex Global (Academic Edition, Law Schools) 
650 0 7 |2 Tesauro vLex  |a Contrato administrativo 
650 0 7 |2 Tesauro vLex  |a Administrativo 
650 0 7 |2 Tesauro vLex  |a Plan nacional de carreteras 
650 0 7 |2 Tesauro vLex  |a Carreteras 
650 0 7 |2 Tesauro vLex  |a Autopistas 
700 1 |a Burzaco Samper, Mara̕ 
740 0 |a vLex Libros (Servicios en ln̕ea) 
856 4 0 |z Acceso restringido  |u http://vlex.com/source/2300 
942 |c BOOK